| 000 -LEADER | |
|---|---|
| fixed length control field | 00435nam a22001697a 4500 |
| 005 - DATE AND TIME OF LATEST TRANSACTION | |
| control field | 20230117113155.0 |
| 008 - FIXED-LENGTH DATA ELEMENTS--GENERAL INFORMATION | |
| fixed length control field | 160521b xxu||||| |||| 00| 0 eng d |
| 020 ## - INTERNATIONAL STANDARD BOOK NUMBER | |
| ISBN | 978935237304 |
| 041 ## - LANGUAGE CODE | |
| Language code of text/sound track or separate title | eng |
| 082 ## - DEWEY DECIMAL CLASSIFICATION NUMBER | |
| Classification number | 547 BAH |
| 100 ## - MAIN ENTRY--AUTHOR NAME | |
| Personal name | Arun Bahl B.S. Bahl |
| 245 ## - TITLE STATEMENT | |
| Title | A Text Book of Organic Chemistry |
| 260 ## - PUBLICATION, DISTRIBUTION, ETC. (IMPRINT) | |
| Place of publication | New Delhi |
| Name of publisher | Sultan Chand & Sons, |
| Year of publication | 2021 |
| 300 ## - PHYSICAL DESCRIPTION | |
| Number of Pages | 1108 |
| 650 ## - SUBJECT ADDED ENTRY--TOPICAL TERM | |
| Topical Term | PHARMACY |
| General subdivision | B.PHARMA |
| 942 ## - ADDED ENTRY ELEMENTS (KOHA) | |
| Koha item type | Books |
| Lost status | Damaged status | Collection code | Home library | Current library | Shelving location | Date acquired | Full call number | Accession Number | Koha item type | Source of acquisition | Cost, normal purchase price |
|---|---|---|---|---|---|---|---|---|---|---|---|
| PHARMACY | JRU Library | JRU Library | SHELF-19-D | 21/05/2016 | 3632 | 3632 | Books | ||||
| Reference | JRU Library | JRU Library | SHELF-5-A | 27/02/2021 | 3632 | 25660 | Books | PERCHES- 1908/17-02-2021 | 475.00 | ||
| PHARMACY | JRU Library | JRU Library | SHELF-17-A | 27/02/2021 | 3632 | 25661 | Books | PERCHES- 1908/17-02-2021 | 475.00 | ||
| PHARMACY | JRU Library | JRU Library | SHELF-17-A | 27/02/2021 | 547 | 25662 | Books | PURCHASE | 475.00 | ||
| PHARMACY | JRU Library | JRU Library | SHELF-17-A | 27/02/2021 | 547 | 25663 | Books | PURCHASE | 475.00 | ||
| PHARMACY | JRU Library | JRU Library | SHELF-17-A | 27/02/2021 | 547 | 25664 | Books | PURCHASE | 475.00 | ||
| PHARMACY | JRU Library | JRU Library | SHELF-17-A | 19/02/2022 | 547 BAH | 26570 | Books | PURCHASE | 475.00 | ||
| PHARMACY | JRU Library | JRU Library | SHELF-17-A | 19/02/2022 | 547 BAH | 26571 | Books | PURCHASE | 475.00 | ||
| PHARMACY | JRU Library | JRU Library | SHELF-17-A | 19/02/2022 | 547 BAH | 26572 | Books | PURCHASE | 475.00 | ||
| PHARMACY | JRU Library | JRU Library | SHELF-17-A | 19/02/2022 | 547 BAH | 26573 | Books | PURCHASE | 475.00 | ||
| PHARMACY | JRU Library | JRU Library | SHELF-17-A | 19/02/2022 | 547 BAH | 26574 | Books | PURCHASE | 475.00 |